00686 a2200169 4500003000500000005001700005040000900022082001000031100003700041245015600078260003500234300001800269505017300287538002900460650001500489651001200504Nust20170207153211.0 cNust a005.1 aFarooqui, Adnan Ahmed (MSCS-12) aDetection of suspcious human motion from video frame sequences of visual surveillance system using image processing techniquescAdnan Ahmed Farooqui  bMCS,NUSTcMay 2007aRawalpindi aviii, 73, p.; aIntroduction (page-1) Literature review (page-5) Methodology (page-21) Designing and testing the framework (page-36) Results and analysis (page-47) Conclusion (page-53) aAlmirah No 73 Shelf No 2 aPG Thesis aMSCS-12